The Sale of Goods. (Record no. 769)

MARC details
005 - DATE AND TIME OF LATEST TRANSACTION
control field 20250625133304.0
020 ## - INTERNATIONAL STANDARD BOOK NUMBER
International Standard Book Number 0-273-00872-2
082 ## - DEWEY DECIMAL CLASSIFICATION NUMBER
Classification number LM 346.94207 ATI
100 ## - MAIN ENTRY--PERSONAL NAME
Author name ATIYAH, P. S.
245 ## - TITLE STATEMENT
Title The Sale of Goods.
250 ## - EDITION STATEMENT
Edition statement 5th Ed
260 ## - PUBLICATION, DISTRIBUTION, ETC.
Place of publication, distribution, etc. London,
Name of publisher, distributor, etc. Pitman,
Date of publication, distribution, etc. 1978.
300 ## - PHYSICAL DESCRIPTION
Extent xxxii, 357p.: ill.
Other physical details Index
Dimensions 21cm
942 ## - ADDED ENTRY ELEMENTS (KOHA)
Source of classification or shelving scheme Dewey Decimal Classification
Koha item type Books
Holdings
Date last seen Total checkouts Full call number Barcode Cost, replacement price Price effective from Koha item type Lost status Source of classification or shelving scheme Damaged status Not for loan Withdrawn status Home library Current library Shelving location Date acquired Cost, normal purchase price
03/17/2025   LM 346.94207 ATI 0000003111 45000.00 03/17/2025 Books   Dewey Decimal Classification       College of Business Education Main Library College of Business Education Main Library General Collection 03/17/2025 15000.00
04/15/2025   LM 346.94207 ATI 0000004274 45000.00 04/15/2025 Books   Dewey Decimal Classification       College of Business Education Main Library College of Business Education Main Library General Collection 04/15/2025 15000.00